000 00431nam a2200169Ia 4500
008 230711s9999||||xx |||||||||||||| ||und||
020 _a978-81-265-1386-4
041 _aENG
082 _a621.382
_bAG-F
100 _aAgrawal,Govind P
245 0 _aFiber- optic communcation systems
250 _a3rd Ed.
260 _c2002
_aNew Delhi
_bWiley Eastern Limited
300 _a546
650 _aElectronics Engineering
942 _cBK
999 _c5165
_d5165